| 000 | 00375cam a2200145ua 4500 | ||
|---|---|---|---|
| 041 |
_aeng _h |
||
| 082 |
_a372.6 _bDES/LA |
||
| 100 | _aDesai, M P . | ||
| 245 |
_aLanguage study in Indian education / _cM P Desai. _hTextual Documents |
||
| 260 |
_aAhmadabad : _bNavajivan publishing house , _c1957. |
||
| 300 | _a54 ; . | ||
| 504 | _a | ||
| 942 | _cBK | ||
| 999 |
_c10965 _d10965 |
||